Apuntes históricos de la Villa de Campillos / (Record no. 20321)

MARC details
000 -LEADER
campo de control de longitud fija 00827nam a2200205 i 4500
001 - NÚMERO DE CONTROL
campo de control 20321
003 - IDENTIFICADOR DE NÚMERO DE CONTROL
campo de control ES-MaACL
005 - FECHA Y HORA DE LA ÚLTIMA TRANSACCIÓN
campo de control 20250828122912.0
007 - CAMPO FIJO DE DESCRIPCIÓN FÍSICA--INFORMACIÓN GENERAL
campo de control de longitud fija t|
008 - DATOS DE LONGITUD FIJA--INFORMACIÓN GENERAL
campo de control de longitud fija 021111s1891 sp |||| | spa d
100 1# - ENTRADA PRINCIPAL--NOMBRE DE PERSONA
Nombre de persona Aguilar y Cano, Antonio.
9 (RLIN) 18750
245 10 - MENCIÓN DEL TÍTULO
Título Apuntes históricos de la Villa de Campillos /
Mención de responsabilidad, etc. escritos por Antonio Aguilar y Cano.
260 ## - PUBLICACIÓN, DISTRIBUCIÓN, ETC.
Lugar de publicación, distribución, etc. Puente Genil :
Nombre del editor, distribuidor, etc. [s.n.],
Fecha de publicación, distribución, etc. 1891 (
Fabricante Imp. y Lib. Estrada y Reina)
300 ## - DESCRIPCIÓN FÍSICA
Extensión 150, [2] p. ;
Dimensiones 22 cm.
651 #4 - PUNTO DE ACCESO ADICIONAL DE MATERIA--NOMBRE GEOGRÁFICO
Nombre geográfico Campillos (Málaga)
9 (RLIN) 152298
852 ## - LOCALIZACIÓN
Ubicación ES-MaACL
Número de control de estantería Z-3-F-18
Ubicación en estantería Depósito Z
856 ## - LOCALIZACIÓN Y ACCESO ELECTRÓNICOS
Identificador Uniforme de Recursos <a href="https://www.bibliotecadigitaldeandalucia.es/catalogo/es/consulta/registro.do?id=8093">https://www.bibliotecadigitaldeandalucia.es/catalogo/es/consulta/registro.do?id=8093</a>
Texto de enlace Versión digital en línea
Nota pública (Biblioteca Digital Andalucía)
942 ## - ELEMENTOS DE ENTRADA SECUNDARIOS (KOHA)
Fuente del sistema de clasificación o colocación Clasificación decimal universal
Tipo de ítem Koha Libro impreso
Suprimir en OPAC No
Holdings
Estatus retirado Estado de pérdida Estado de daño No para préstamo Colección Biblioteca de origen Biblioteca actual Ubicación en estantería Fecha de adquisición Fuente de adquisición Total de préstamos Signatura topográfica completa Código de barras Visto por última vez Precio de reemplazo Tipo de ítem Koha
        Libros del s. XIX Biblioteca del Ateneo de Madrid Biblioteca del Ateneo de Madrid Depósito Z 17/01/2008     Z-3-F-18 1020837 23/02/2023 23/02/2023 Libro impreso antiguo